000 00974cam a22003017a 4500
003 CHAP
005 20220329141725.0
008 971013s1939 r 00010 d
010 _a72822
011 _a73794
035 _a83352
040 _cCHAP
090 _aTesis
100 0 0 _aAlarcón Avila, Saturnino.
_93344
245 0 _aCultivo del plátano roatán en la zona agrícola del Distrito norte de Coatzacoalcos, Veracruz
260 _a(s.l.) :
_b(s.n.),
_c1939
300 _a61 h.
_b: ilus.
502 _aTesis (Ing. Agr. Esp. en Fitotecnia) -- ENA. Departamento de Fitotecnia
590 _aALEPH
_b10
_c20130110
_lUCH01
_h1414
590 _aBATCH-UPD
_b10
_c20130110
_lUCH01
_h0725
590 _aBATCH-UPD
_b10
_c20130410
_lUCH01
_h0409
590 _aBATCH-UPD
_b10
_c20130913
_lUCH01
_h2341
590 _aCONVERSION
_b10
_c20130109
_lUCH01
_h1340
650 1 4 _aPlátano roatán.
_989286
901 _aBK
942 _cTESIS
949 _bBC
_cTES
_d-37875
_eTS1
_i83352
_si
999 _c72822
_d72822